000 01124naa a22003257a 4500
001 BR8708517
003 BR-BrBNA
005 20240918175929.0
007 ta
008 230509b bl.||||| |||| 00| 0 por d
040 _aBR-BrBNA
_bpor
_cBiblioteca Nacional de Agricultura
041 _a(Pt)
072 _aF04
_b0150
_bG514
090 _aF04 BR8708517
100 1 _aAndrade, W.E. de B.
100 1 _aAmorim Neto, S.
100 1 _aRivero, P.R.Y.
100 1 _aSilva, W.R. da
111 1 _a15. Reuniao da Cultura do Arroz Irrigado
_cPorto Alegre, RS (Brazil)
_d22-26 Sep 1986
245 1 _aUtilizacao da palha do arroz em varzeas do norte fluminense
260 3 _aPorto Alegre, RS (Brasil):
_c1986.
500 _aAnais da 15. Reuniao da Cultura do Arroz Irrigado Porto Alegre, RS (Brasil): 1986. p. 235-241 (BR8708517-AM)F04
650 _aPALHA
650 _aARROZ
650 _aADUBO ORGANICO
650 _aVARZEA
773 0 _tAnais da 15. Reuniao da Cultura do Arroz Irrigado
_wF04 BR8708517
_gPorto Alegre, RS (Brasil), 1986. p. 235-241
909 _a202404
_bLucia
_c55
_dLucia Elande
942 _cAM
_2AGRIS
999 _c318845
_d318845